Strategy for action (Registro nro. 239957)
[ vista simple ]
| 000 -ENCABEZADO | |
|---|---|
| Número de control [NR] | 01131cam a2200289Ma 4500 |
| 005 - FECHA Y HORA DE LA ÚLTIMA TRANSACCIÓN | |
| control field | 20140903175041.0 |
| 008 - DE LONGITUD FIJA DE DATOS DE ELEMENTOS - INFORMACIÓN GENERAL | |
| Elementos de longitud fija [NR] | 130131s2013 xxuad fr 000 0 eng d |
| 020 ## - NUMERO INTERNACIONAL NORMALIZADO PARA LIBROS [R] | |
| Número Internacional Normalizado del libro [NR] | 9788847024748 (V.2) |
| 020 ## - NUMERO INTERNACIONAL NORMALIZADO PARA LIBROS [R] | |
| Número Internacional Normalizado del libro [NR] | 9788847024861 (V.1) |
| 040 ## - FUENTE DE CATALOGACION [NR] | |
| Agencia de catalogación original [NR] | CO-BoUCM |
| Idioma de catalogación [NR] | spa |
| Quien Cataloga | Jose A. Gerena |
| Quien Clasifica | Diana Londoño |
| 041 ## - CODIGO DE IDIOMA [R] | |
| Código de idioma para texto/pista de sonido o título separado [R] | Inglés |
| 100 1# - ASIENTO PRINCIPAL--NOMBRE PERSONAL [NR] | |
| Nombre personal [NR] | Gandellini, Giorgio |
| ID Autoridad | 58770 |
| 245 10 - MENCION DE TITULO [NR] | |
| Título [NR] | Strategy for action |
| Mención de responsabilidad, etc. [NR] | Giorgio Gandellini, Alberto Pezzi, Daniela Venanzi |
| 260 ## - PUBLICACION, DISTRIBUCION, ETC. (PIE DE IMPRENTA) [R] | |
| Lugar de publicación, distribución, etc. [R] | Lexington (Kentucky, Estados Unidos) |
| Nombre del editor, distribuidor, etc. [R] | Springer |
| Fecha de publicación, distribución, etc. [R] | 2013 |
| 300 ## - DESCRIPCION FISICA [R] | |
| Extensión [R] | 2 volúmenes |
| Otros detalles físicos [NR] | ilustraciones, cuadros, gráficas |
| 490 1# - MENCION DE SERIE [R] | |
| Mención de serie [R] | Springer briefs in business |
| 504 ## - NOTA DE BIBLIOGRAFIA, ETC. [R] | |
| Nota de bibliografía, etc. [NR] | Incluye referencias bibliográficas |
| 505 0# - NOTA DE CONTENIDO CON FORMATO PREESTABLECIDO [R] | |
| Información miscelánea [R] | V.1 |
| State manifest and birth record (1764-1977). | The logic and context of strategic management |
| 505 0# - NOTA DE CONTENIDO CON FORMATO PREESTABLECIDO [R] | |
| Información miscelánea [R] | V.2 |
| State manifest and birth record (1764-1977). | Strategy formulation, development, and control |
| 650 #7 - ASIENTO SECUNDARIO DE MATERIA - TERMINO TEMATICO [R] | |
| Término temático o nombre geográfico como elemento de entrada [NR] | Comportamiento organizacional |
| 9 (RLIN) | 11292 |
| 650 #7 - ASIENTO SECUNDARIO DE MATERIA - TERMINO TEMATICO [R] | |
| Término temático o nombre geográfico como elemento de entrada [NR] | Planificación estratégica |
| 9 (RLIN) | 21662 |
| 690 ## - ASUNTO AGREGADO LOCAL DE ENTRADA - TÉRMINO TEMÁTICO (OCLC, RLIN) | |
| 9 (RLIN) | 42736 |
| Acceso temático local | Administración de empresas |
| 700 1# - ASIENTO SECUNDARIO - NOMBRE PERSONAL [R] | |
| Nombre personal [NR] | Pezzi, Alberto |
| 9 (RLIN) | 58772 |
| 700 1# - ASIENTO SECUNDARIO - NOMBRE PERSONAL [R] | |
| Nombre personal [NR] | Venanzi, Daniela |
| Fechas asociadas con el nombre [NR] | 1957- |
| 9 (RLIN) | 58773 |
| 942 ## - ELEMENTOS DE ENTRADA AGREGADOS (KOHA) | |
| Tema principal | Administración |
| Tipo de ítem principal el descrito en 300a | Libro |
| Edición | 1 |
| Parte restante de la signatura top. | G195s |
| Sistema de clasificación | DEWEY |
| Clasificación | 658.4012 |
| Signatura topográfica | Código de barras | Última vez visto | Volúmen / Fascículo | Ejemplar | Costo de reposición | Price effective from | Tipo de ítem | Perdido | Sistema de clasificación | Dañado | No prestable | Tipo de ítem específico | Suprimido | Ubicación habitual | Ubicación actual | Localización | Fecha de creación | Proveedor | Forma de adquisición | Costo |
|---|---|---|---|---|---|---|---|---|---|---|---|---|---|---|---|---|---|---|---|---|
| 658.4012 G195s | 100140825 | 03/12/2024 | V.1 | Ej.1 | 51050.00 | 17/03/2014 | Libro | DEWEY | Libro | Bodega | Bodega | 5to piso | 17/03/2014 | 15 | Compra | 51050.00 | ||||
| 658.4012 G195s | 100140874 | 03/12/2024 | V.2 | Ej.1 | 81650.00 | 17/03/2014 | Libro | DEWEY | Libro | Bodega | Bodega | 5to piso | 17/03/2014 | 15 | Compra | 81650.00 |